Normal view
MARC view
Entry Personal Name
001 - CONTROL NUMBER
- control field: 13707
003 - CONTROL NUMBER IDENTIFIER
- control field: OSt
005 - DATE AND TIME OF LATEST TRANSACTION
- control field: 20191122121743.0
008 - FIXED-LENGTH DATA ELEMENTS
- fixed length control field: 191122|| aca||aabn | a|a d
040 ## - CATALOGING SOURCE
- Original cataloging agency: OSt
- Transcribing agency: OSt
100 ## - HEADING--PERSONAL NAME
- Personal name: Lin, Luona
670 ## - SOURCE DATA FOUND
- Source citation: Work cat.: (OSt): Kasdin, Stuart 13705, Contracts, agency vulnerability, and the allocation of federal funds
